[Event "415 Stay Safe Play From Home series"]
[Site "Emanuel Lasker Arena"]
[Date "2020.08.27"]
[Round "1"]
[White "NTBT_DHS"]
[Black "Hickey"]
[Result "1-0"]
[WhiteElo "2547"]
[BlackElo "2379"]
[PlyCount "103"]
[EventDate "2020.08.27"]
[EventType "swiss (blitz)"]

1. d4 {[%emt 0:00:02]} Nf6 {[%emt 0:00:01]} 2. c4 {[%emt 0:00:00]} e6 {[%emt 0:00:00]} 3. Nf3 {[%emt 0:00:00]} b6 {[%emt 0:00:01]} 4. g3 {[%emt 0:00:00]} Ba6 {[%emt 0:00:00]} 5. Qa4 {[%emt 0:00:01]} Bb7 {[%emt 0:00:02]} 6. Bg2 {[%emt 0:00:00]} c5 {[%emt 0:00:00]} 7. O-O {[%emt 0:00:01]} cxd4 {[%emt 0:00:01]} 8. Nxd4 {[%emt 0:00:00]} Bxg2 {[%emt 0:00:00]} 9. Kxg2 {[%emt 0:00:00]} Be7 {[%emt 0:00:01]} 10. Rd1 {[%emt 0:00:01]} O-O {[%emt 0:00:01]} 11. Bf4 {[%emt 0:00:00]} Qc8 {[%emt 0:00:01]} 12. Nc3 {[%emt 0:00:02]} Nc6 {[%emt 0:00:01]} 13. Ndb5 {[%emt 0:00:01]} Rd8 {[%emt 0:00:02]} 14. Bd6 {[%emt 0:00:01]} a6 {[%emt 0:00:03]} 15. Na3 {[%emt 0:00:06]} Qb7 {[%emt 0:00:03]} 16. f3 {[%emt 0:00:01]} Ne8 {[%emt 0:00:04]} 17. Bxe7 {[%emt 0:00:01]} Nxe7 {[%emt 0:00:00]} 18. Rd2 {[%emt 0:00:02]} Nf6 {[%emt 0:00:02]} 19. Rad1 {[%emt 0:00:01]} d5 {[%emt 0:00:00]} 20. cxd5 {[%emt 0:00:03]} Nexd5 {[%emt 0:00:02]} 21. Nxd5 {[%emt 0:00:01]} Nxd5 {[%emt 0:00:00]} 22. Kf2 {[%emt 0:00:04]} b5 {[%emt 0:00:02]} 23. Qd4 {[%emt 0:00:01]} h6 {[%emt 0:00:02]} 24. Qe5 {[%emt 0:00:04]} Qb6+ {[%emt 0:00:03]} 25. Qd4 {[%emt 0:00:00]} Qb7 {[%emt 0:00:01]} 26. Nc2 {[%emt 0:00:01]} Rac8 {[%emt 0:00:01]} 27. e3 {[%emt 0:00:02]} Qc7 {[%emt 0:00:02]} 28. Qe4 {[%emt 0:00:03]} Nf6 {[%emt 0:00:02]} 29. Qf4 {[%emt 0:00:02]} Rxd2+ {[%emt 0:00:02]} 30. Rxd2 {[%emt 0:00:00]} Nd5 {[%emt 0:00:03]} 31. Qxc7 {[%emt 0:00:01]} Rxc7 {[%emt 0:00:00]} 32. e4 {[%emt 0:00:00]} Nb6 {[%emt 0:00:01]} 33. Nb4 {[%emt 0:00:00]} Na4 {[%emt 0:00:02]} 34. Nxa6 {[%emt 0:00:02]} Rc1 {[%emt 0:00:03]} 35. Nb4 {[%emt 0:00:01]} Rb1 {[%emt 0:00:01]} 36. Nd3 {[%emt 0:00:01]} Ra1 {[%emt 0:00:02]} 37. a3 {[%emt 0:00:00]} Nb6 {[%emt 0:00:02]} 38. Ne5 {[%emt 0:00:01]} Nc4 {[%emt 0:00:00]} 39. Nxc4 {[%emt 0:00:01]} bxc4 {[%emt 0:00:00]} 40. Rc2 {[%emt 0:00:00]} Rb1 {[%emt 0:00:00]} 41. Ke3 {[%emt 0:00:01]} Rh1 {[%emt 0:00:01]} 42. Kd4 {[%emt 0:00:00]} Rd1+ {[%emt 0:00:01]} 43. Kxc4 {[%emt 0:00:01]} Rd7 {[%emt 0:00:00]} 44. b4 {[%emt 0:00:01]} Rc7+ {[%emt 0:00:00]} 45. Kb3 {[%emt 0:00:00]} Ra7 {[%emt 0:00:00]} 46. a4 {[%emt 0:00:00]} Kf8 {[%emt 0:00:00]} 47. b5 {[%emt 0:00:00]} Ke7 {[%emt 0:00:00]} 48. Kb4 {[%emt 0:00:00]} Kd7 {[%emt 0:00:00]} 49. a5 {[%emt 0:00:00]} Ra8 {[%emt 0:00:00]} 50. b6 {[%emt 0:00:01]} Rb8 {[%emt 0:00:00]} 51. Kb5 {[%emt 0:00:01]} e5 {[%emt 0:00:01]} 52. Rc7+ {[%emt 0:00:00] Time Time Time} 1-0

[Event "415 Stay Safe Play From Home series"]
[Site "Emanuel Lasker Arena"]
[Date "2020.08.27"]
[Round "1"]
[White "Mepe_Nika"]
[Black "Schachwerk_64"]
[Result "1-0"]
[WhiteElo "2381"]
[BlackElo "1959"]
[Annotator "NA"]
[PlyCount "83"]
[EventDate "2020.08.27"]
[EventType "swiss (blitz)"]

1. Nf3 {[%emt 0:00:01]} d5 {[%emt 0:00:01]} 2. d4 {[%emt 0:00:01]} Nc6 {[%emt 0:00:01]} 3. c4 {[%emt 0:00:02]} Bg4 {[%emt 0:00:00]} 4. Nc3 {[%emt 0:00:01]} dxc4 {[%emt 0:00:01]} 5. e3 {[%emt 0:00:01]} e5 {[%emt 0:00:01]} 6. Be2 {[%emt 0:00:01]} exd4 {[%emt 0:00:01]} 7. Nxd4 {[%emt 0:00:01]} Bxe2 {[%emt 0:00:03]} 8. Qxe2 {[%emt 0:00:01]} Nxd4 {[%emt 0:00:02]} 9. exd4+ {[%emt 0:00:00]} Be7 {[%emt 0:00:01]} 10. Qxc4 {[%emt 0:00:01]} Nf6 {[%emt 0:00:02]} 11. O-O {[%emt 0:00:00]} O-O {[%emt 0:00:01]} 12. Bg5 {[%emt 0:00:00]} h6 {[%emt 0:00:01]} 13. Bh4 {[%emt 0:00:01]} g5 {[%emt 0:00:01]} 14. Bg3 {[%emt 0:00:01]} c6 {[%emt 0:00:01]} 15. Rad1 {[%emt 0:00:01]} Nd5 {[%emt 0:00:01]} 16. Nxd5 {[%emt 0:00:01]} Qxd5 {[%emt 0:00:00]} 17. Qxd5 {[%emt 0:00:01]} cxd5 {[%emt 0:00:00]} 18. Rfe1 {[%emt 0:00:01]} Bf6 {[%emt 0:00:01]} 19. Be5 {[%emt 0:00:01]} Kg7 {[%emt 0:00:01]} 20. f3 {[%emt 0:00:02]} Rfc8 {[%emt 0:00:02]} 21. Rd2 {[%emt 0:00:01]} Rc4 {[%emt 0:00:01]} 22. Kf2 {[%emt 0:00:01]} Rac8 {[%emt 0:00:01]} 23. h4 {[%emt 0:00:02]} Rc2 {[%emt 0:00:01]} 24. Ree2 {[%emt 0:00:01]} Rxd2 {[%emt 0:00:01]} 25. Rxd2 {[%emt 0:00:00]} Bxe5 {[%emt 0:00:00]} 26. dxe5 {[%emt 0:00:00]} Rd8 {[%emt 0:00:02]} 27. hxg5 {[%emt 0:00:01]} hxg5 {[%emt 0:00:01]} 28. Ke3 {[%emt 0:00:00]} Kg6 {[%emt 0:00:00]} 29. Kd4 {[%emt 0:00:01]} Kf5 {[%emt 0:00:01]} 30. Rc2 {[%emt 0:00:02]} Re8 {[%emt 0:00:02]} 31. Rc7 {[%emt 0:00:01]} Rxe5 {[%emt 0:00:01]} 32. Rxf7+ {[%emt 0:00:01]} Ke6 {[%emt 0:00:01]} 33. Re7+ {[%emt 0:00:01]} Kxe7 {[%emt 0:00:00]} 34. Kxe5 {[%emt 0:00:00]} d4 {[%emt 0:00:02]} 35. Kxd4 {[%emt 0:00:01]} Kd6 {[%emt 0:00:01]} 36. g3 {[%emt 0:00:01]} b6 {[%emt 0:00:02]} 37. a4 {[%emt 0:00:03]} a6 {[%emt 0:00:02]} 38. Kc4 {[%emt 0:00:01]} Ke5 {[%emt 0:00:02]} 39. b4 {[%emt 0:00:03]} a5 {[%emt 0:00:02]} 40. bxa5 {[%emt 0:00:01]} bxa5 {[%emt 0:00:01]} 41. Kb5 {[%emt 0:00:01]} g4 {[%emt 0:00:01]} 42. fxg4 {[%emt 0:00:01] Schachwerk_64 gibt auf Schachwerk_64 gibt auf Schachwerk_64 gibt auf (Lag: Av=0.52s, max=0.9s) (Lag: Av=0.52s, max=0.9s) (Lag: Av=0.52s, max=0.9s)} 1-0

[Event "415 Stay Safe Play From Home series"]
[Site "Emanuel Lasker Arena"]
[Date "2020.08.27"]
[Round "1"]
[White "AChessPlayer"]
[Black "Nguyen Hong Anh"]
[Result "1-0"]
[WhiteElo "2354"]
[BlackElo "2327"]
[PlyCount "135"]
[EventDate "2020.08.27"]
[EventType "swiss (blitz)"]

1. Nf3 {[%emt 0:00:08]} Nf6 {[%emt 0:00:01]} 2. g3 {[%emt 0:00:00]} g6 {[%emt 0:00:00]} 3. Bg2 {[%emt 0:00:00]} Bg7 {[%emt 0:00:01]} 4. O-O {[%emt 0:00:00]} O-O {[%emt 0:00:00]} 5. c4 {[%emt 0:00:00]} d5 {[%emt 0:00:01]} 6. c5 {[%emt 0:00:01]} c6 {[%emt 0:00:01]} 7. d4 {[%emt 0:00:01]} Ne4 {[%emt 0:00:01]} 8. Nbd2 {[%emt 0:00:01]} Nd7 {[%emt 0:00:00]} 9. e3 {[%emt 0:00:02]} e5 {[%emt 0:00:01]} 10. Nxe4 {[%emt 0:00:01]} dxe4 {[%emt 0:00:00]} 11. Nxe5 {[%emt 0:00:00]} Nxe5 {[%emt 0:00:01]} 12. dxe5 {[%emt 0:00:00]} Bxe5 {[%emt 0:00:02]} 13. Bxe4 {[%emt 0:00:01]} Qe7 {[%emt 0:00:01]} 14. Qc2 {[%emt 0:00:02]} Be6 {[%emt 0:00:02]} 15. Rd1 {[%emt 0:00:03]} Rfd8 {[%emt 0:00:01]} 16. Bd2 {[%emt 0:00:00]} Bd5 {[%emt 0:00:01]} 17. Bxd5 {[%emt 0:00:03]} Rxd5 {[%emt 0:00:01]} 18. Bb4 {[%emt 0:00:00]} Rad8 {[%emt 0:00:01]} 19. Rxd5 {[%emt 0:00:01]} Rxd5 {[%emt 0:00:01]} 20. Rc1 {[%emt 0:00:00]} Qd7 {[%emt 0:00:04]} 21. Be1 {[%emt 0:00:01]} Kg7 {[%emt 0:00:02]} 22. Bc3 {[%emt 0:00:02]} Bxc3 {[%emt 0:00:01]} 23. Qxc3+ {[%emt 0:00:01]} f6 {[%emt 0:00:00]} 24. Qb4 {[%emt 0:00:02]} Rd2 {[%emt 0:00:02]} 25. Kg2 {[%emt 0:00:02]} Qd5+ {[%emt 0:00:02]} 26. e4 {[%emt 0:00:00]} Qd7 {[%emt 0:00:02]} 27. Rc3 {[%emt 0:00:01]} Re2 {[%emt 0:00:01]} 28. Rf3 {[%emt 0:00:01]} Qe7 {[%emt 0:00:02]} 29. Rf4 {[%emt 0:00:02]} g5 {[%emt 0:00:01]} 30. Rf3 {[%emt 0:00:03]} Rxe4 {[%emt 0:00:02]} 31. Qc3 {[%emt 0:00:00]} Re2 {[%emt 0:00:01]} 32. a4 {[%emt 0:00:02]} Kg6 {[%emt 0:00:01]} 33. h3 {[%emt 0:00:01]} Qe4 {[%emt 0:00:01]} 34. b4 {[%emt 0:00:02]} Qe5 {[%emt 0:00:02]} 35. Qd3+ {[%emt 0:00:01]} Kg7 {[%emt 0:00:01]} 36. Rf5 {[%emt 0:00:01]} Qe7 {[%emt 0:00:00]} 37. h4 {[%emt 0:00:01]} Re4 {[%emt 0:00:01]} 38. hxg5 {[%emt 0:00:01]} fxg5 {[%emt 0:00:01]} 39. Rxg5+ {[%emt 0:00:00]} Qxg5 {[%emt 0:00:01]} 40. Qxe4 {[%emt 0:00:01]} Qf6 {[%emt 0:00:00]} 41. Qg4+ {[%emt 0:00:01]} Kf7 {[%emt 0:00:01]} 42. Qd7+ {[%emt 0:00:00]} Qe7 {[%emt 0:00:01]} 43. Qxe7+ {[%emt 0:00:01]} Kxe7 {[%emt 0:00:00]} 44. f4 {[%emt 0:00:00]} Ke6 {[%emt 0:00:00]} 45. a5 {[%emt 0:00:00]} Kf5 {[%emt 0:00:01]} 46. Kf3 {[%emt 0:00:01]} h5 {[%emt 0:00:00]} 47. Ke3 {[%emt 0:00:00]} Kg4 {[%emt 0:00:01]} 48. Ke4 {[%emt 0:00:00]} Kxg3 {[%emt 0:00:02]} 49. f5 {[%emt 0:00:00]} h4 {[%emt 0:00:00]} 50. f6 {[%emt 0:00:00]} h3 {[%emt 0:00:00]} 51. f7 {[%emt 0:00:00]} h2 {[%emt 0:00:00]} 52. f8=Q {[%emt 0:00:00]} h1=Q+ {[%emt 0:00:00]} 53. Ke5 {[%emt 0:00:00]} Qe1+ {[%emt 0:00:01]} 54. Kd6 {[%emt 0:00:00]} Qxb4 {[%emt 0:00:00]} 55. Kc7 {[%emt 0:00:00]} Qxa5+ {[%emt 0:00:01]} 56. Kxb7 {[%emt 0:00:00]} Qb5+ {[%emt 0:00:00]} 57. Kc8 {[%emt 0:00:00]} a5 {[%emt 0:00:02]} 58. Qd6+ {[%emt 0:00:00]} Kf3 {[%emt 0:00:01]} 59. Kc7 {[%emt 0:00:00]} Ke3 {[%emt 0:00:00]} 60. Qf6 {[%emt 0:00:00]} Qxc5 {[%emt 0:00:00]} 61. Qe6+ {[%emt 0:00:00]} Kd3 {[%emt 0:00:00]} 62. Qh3+ {[%emt 0:00:00]} Kc4 {[%emt 0:00:00]} 63. Qg4+ {[%emt 0:00:00]} Kb5 {[%emt 0:00:00]} 64. Qe2+ {[%emt 0:00:00]} Qc4 {[%emt 0:00:00]} 65. Qb2+ {[%emt 0:00:01]} Qb4 {[%emt 0:00:00]} 66. Qe5+ {[%emt 0:00:00]} Qc5 {[%emt 0:00:00]} 67. Qe2+ {[%emt 0:00:00]} Kb4 {[%emt 0:00:01]} 68. Qb2+ {[%emt 0:00:00] Time Time Time (Lag: Av=1.24s, max=2.3s) (Lag: Av=1.24s, max=2.3s) (Lag: Av=1.24s, max=2.3s)} 1-0

[Event "415 Stay Safe Play From Home series"]
[Site "Emanuel Lasker Arena"]
[Date "2020.08.27"]
[Round "1"]
[White "Fischer_11"]
[Black "Stepmaker"]
[Result "1-0"]
[WhiteElo "2057"]
[BlackElo "1399"]
[Annotator "NA"]
[PlyCount "81"]
[EventDate "2020.08.27"]
[EventType "swiss (blitz)"]

1. e4 {[%emt 0:00:03]} e6 {[%emt 0:00:01]} 2. d4 {[%emt 0:00:01]} d6 {[%emt 0:00:00]} 3. c4 {[%emt 0:00:02]} Bd7 {[%emt 0:00:00]} 4. Nc3 {[%emt 0:00:00]} c6 {[%emt 0:00:01]} 5. Bd3 {[%emt 0:00:00]} Na6 {[%emt 0:00:01]} 6. Nf3 {[%emt 0:00:00]} Nc7 {[%emt 0:00:01]} 7. O-O {[%emt 0:00:00]} f6 {[%emt 0:00:01]} 8. Re1 {[%emt 0:00:00]} Ne7 {[%emt 0:00:02]} 9. Qe2 {[%emt 0:00:00]} Ng6 {[%emt 0:00:01]} 10. d5 {[%emt 0:00:00]} e5 {[%emt 0:00:02]} 11. dxc6 {[%emt 0:00:02]} bxc6 {[%emt 0:00:01]} 12. Nd5 {[%emt 0:00:00]} Nxd5 {[%emt 0:00:02]} 13. exd5 {[%emt 0:00:00]} c5 {[%emt 0:00:01]} 14. Qc2 {[%emt 0:00:04]} Be7 {[%emt 0:00:01]} 15. Bxg6+ {[%emt 0:00:02]} hxg6 {[%emt 0:00:01]} 16. Qxg6+ {[%emt 0:00:00]} Kf8 {[%emt 0:00:01]} 17. g3 {[%emt 0:00:02]} Be8 {[%emt 0:00:01]} 18. Qf5 {[%emt 0:00:01]} Rh5 {[%emt 0:00:02]} 19. Qg4 {[%emt 0:00:02]} Bf7 {[%emt 0:00:03]} 20. h4 {[%emt 0:00:02]} Rh8 {[%emt 0:00:03]} 21. b3 {[%emt 0:00:01]} Qc8 {[%emt 0:00:02]} 22. Qxc8+ {[%emt 0:00:03]} Rxc8 {[%emt 0:00:02]} 23. Bd2 {[%emt 0:00:00]} g6 {[%emt 0:00:01]} 24. Rab1 {[%emt 0:00:00]} f5 {[%emt 0:00:01]} 25. Kg2 {[%emt 0:00:01]} Kg7 {[%emt 0:00:02]} 26. Bg5 {[%emt 0:00:01]} Bxg5 {[%emt 0:00:02]} 27. Nxg5 {[%emt 0:00:00]} Rce8 {[%emt 0:00:05]} 28. a3 {[%emt 0:00:01]} e4 {[%emt 0:00:01]} 29. b4 {[%emt 0:00:01]} Rb8 {[%emt 0:00:04]} 30. bxc5 {[%emt 0:00:01]} Rxb1 {[%emt 0:00:01]} 31. Rxb1 {[%emt 0:00:00]} dxc5 {[%emt 0:00:01]} 32. Rb7 {[%emt 0:00:01]} Rf8 {[%emt 0:00:03]} 33. Ne6+ {[%emt 0:00:00]} Kg8 {[%emt 0:00:02]} 34. Nxf8 {[%emt 0:00:00]} Kxf8 {[%emt 0:00:01]} 35. Rxa7 {[%emt 0:00:00]} Be8 {[%emt 0:00:01]} 36. Rc7 {[%emt 0:00:00]} Bf7 {[%emt 0:00:03]} 37. Rxc5 {[%emt 0:00:00]} Kg7 {[%emt 0:00:01]} 38. Rc7 {[%emt 0:00:01]} Kf6 {[%emt 0:00:00]} 39. Rxf7+ {[%emt 0:00:01]} Kxf7 {[%emt 0:00:01]} 40. c5 {[%emt 0:00:00]} Ke7 {[%emt 0:00:00]} 41. c6 {[%emt 0:00:00] ' ' ' TimeB TimeB TimeB} 1-0

[Event "415 Stay Safe Play From Home series"]
[Site "Emanuel Lasker Arena"]
[Date "2020.08.27"]
[Round "1"]
[White "TheCHESSHOUSE"]
[Black "IceQueen"]
[Result "0-1"]
[WhiteElo "2038"]
[BlackElo "2289"]
[PlyCount "72"]
[EventDate "2020.08.27"]
[EventType "swiss (blitz)"]

1. d4 {[%emt 0:00:03]} c5 {[%emt 0:00:00]} 2. d5 {[%emt 0:00:01]} Nf6 {[%emt 0:00:01]} 3. Nc3 {[%emt 0:00:00]} e5 {[%emt 0:00:00]} 4. e4 {[%emt 0:00:01]} d6 {[%emt 0:00:00]} 5. Nf3 {[%emt 0:00:00]} Na6 {[%emt 0:00:01]} 6. Bb5+ {[%emt 0:00:03]} Bd7 {[%emt 0:00:01]} 7. O-O {[%emt 0:00:00]} Nc7 {[%emt 0:00:00]} 8. Bxd7+ {[%emt 0:00:01]} Qxd7 {[%emt 0:00:00]} 9. Be3 {[%emt 0:00:01]} b5 {[%emt 0:00:01]} 10. h3 {[%emt 0:00:00]} b4 {[%emt 0:00:00]} 11. Ne2 {[%emt 0:00:01]} Nxe4 {[%emt 0:00:00]} 12. c3 {[%emt 0:00:02]} bxc3 {[%emt 0:00:01]} 13. bxc3 {[%emt 0:00:00]} Be7 {[%emt 0:00:01]} 14. Nd2 {[%emt 0:00:01]} Nxd2 {[%emt 0:00:01]} 15. Qxd2 {[%emt 0:00:00]} O-O {[%emt 0:00:00]} 16. f4 {[%emt 0:00:00]} Bf6 {[%emt 0:00:01]} 17. fxe5 {[%emt 0:00:03]} Bxe5 {[%emt 0:00:00]} 18. Rab1 {[%emt 0:00:02]} Rab8 {[%emt 0:00:02]} 19. Rbe1 {[%emt 0:00:02]} Rfe8 {[%emt 0:00:02]} 20. Nf4 {[%emt 0:00:02]} g6 {[%emt 0:00:01]} 21. Nd3 {[%emt 0:00:02]} Bg7 {[%emt 0:00:01]} 22. Kh1 {[%emt 0:00:00]} Nb5 {[%emt 0:00:02]} 23. Rc1 {[%emt 0:00:03]} Na3 {[%emt 0:00:01]} 24. Bh6 {[%emt 0:00:05]} Nc4 {[%emt 0:00:01]} 25. Qg5 {[%emt 0:00:01]} Qe7 {[%emt 0:00:05]} 26. Qf4 {[%emt 0:00:02]} Bxh6 {[%emt 0:00:04]} 27. Qxh6 {[%emt 0:00:00]} Qe3 {[%emt 0:00:01]} 28. Qh4 {[%emt 0:00:03]} Qxd3 {[%emt 0:00:02]} 29. Rxf7 {[%emt 0:00:01]} Kxf7 {[%emt 0:00:04]} 30. Qxh7+ {[%emt 0:00:01]} Kf6 {[%emt 0:00:00]} 31. Qh4+ {[%emt 0:00:11]} Kg7 {[%emt 0:00:01]} 32. Rg1 {[%emt 0:00:02]} Re4 {[%emt 0:00:01]} 33. Qg5 {[%emt 0:00:01]} Rbe8 {[%emt 0:00:01]} 34. h4 {[%emt 0:00:00]} R8e5 {[%emt 0:00:01]} 35. h5 {[%emt 0:00:00]} Rxg5 {[%emt 0:00:01]} 36. h6+ {[%emt 0:00:00]} Kxh6 {[%emt 0:00:01] TheCHESSHOUSE resigns TheCHESSHOUSE resigns TheCHESSHOUSE resigns (Lag: Av=0.64s, max=1.0s) (Lag: Av=0.64s, max=1.0s) (Lag: Av=0.64s, max=1.0s)} 0-1

[Event "415 Stay Safe Play From Home series"]
[Site "Emanuel Lasker Arena"]
[Date "2020.08.27"]
[Round "1"]
[White "Klasman"]
[Black "Lazieri3"]
[Result "0-1"]
[WhiteElo "1341"]
[BlackElo "2060"]
[PlyCount "46"]
[EventDate "2020.08.27"]
[EventType "swiss (blitz)"]

1. f4 {[%emt 0:00:01]} c6 {[%emt 0:00:00]} 2. c4 {[%emt 0:00:02]} d5 {[%emt 0:00:00]} 3. d4 {[%emt 0:00:03]} Nf6 {[%emt 0:00:02]} 4. e3 {[%emt 0:00:01]} Bf5 {[%emt 0:00:00]} 5. Qb3 {[%emt 0:00:03]} b6 {[%emt 0:00:01]} 6. Nc3 {[%emt 0:00:03]} e6 {[%emt 0:00:01]} 7. Nf3 {[%emt 0:00:02]} Bd6 {[%emt 0:00:02]} 8. Bd2 {[%emt 0:00:03]} O-O {[%emt 0:00:00]} 9. Be2 {[%emt 0:00:01]} Ne4 {[%emt 0:00:03]} 10. Nxe4 {[%emt 0:00:03]} Bxe4 {[%emt 0:00:08]} 11. O-O {[%emt 0:00:04]} Nd7 {[%emt 0:00:00]} 12. cxd5 {[%emt 0:00:03]} Bxd5 {[%emt 0:00:02]} 13. Bc4 {[%emt 0:00:01]} Bxc4 {[%emt 0:00:01]} 14. Qxc4 {[%emt 0:00:01]} c5 {[%emt 0:00:00]} 15. d5 {[%emt 0:00:02]} exd5 {[%emt 0:00:01]} 16. Qxd5 {[%emt 0:00:01]} Nf6 {[%emt 0:00:00]} 17. Qb3 {[%emt 0:00:06]} Ne4 {[%emt 0:00:01]} 18. Bc3 {[%emt 0:00:02]} Nxc3 {[%emt 0:00:01]} 19. Qxc3 {[%emt 0:00:02]} Qe7 {[%emt 0:00:01]} 20. Rae1 {[%emt 0:00:03]} f5 {[%emt 0:00:02]} 21. Ng5 {[%emt 0:00:02]} h6 {[%emt 0:00:03]} 22. Nf3 {[%emt 0:00:02]} Rad8 {[%emt 0:00:03]} 23. Qd3 {[%emt 0:00:04]} Kh8 {[%emt 0:00:04] Time Time Time (Lag: Av=0.57s, max=0.9s) (Lag: Av=0.57s, max=0.9s) (Lag: Av=0.57s, max=0.9s)} 0-1

[Event "415 Stay Safe Play From Home series"]
[Site "Emanuel Lasker Arena"]
[Date "2020.08.27"]
[Round "2"]
[White "Mepe_Nika"]
[Black "Fischer_11"]
[Result "1-0"]
[WhiteElo "2384"]
[BlackElo "2058"]
[Annotator "NA"]
[PlyCount "57"]
[EventDate "2020.08.27"]
[EventType "swiss (blitz)"]

1. d4 {[%emt 0:00:01]} e5 {[%emt 0:00:01]} 2. c3 {[%emt 0:00:00]} Nc6 {[%emt 0:00:00]} 3. Nf3 {[%emt 0:00:03]} exd4 {[%emt 0:00:00]} 4. cxd4 {[%emt 0:00:01]} d5 {[%emt 0:00:00]} 5. Nc3 {[%emt 0:00:01]} Nf6 {[%emt 0:00:00]} 6. Bf4 {[%emt 0:00:01]} Bg4 {[%emt 0:00:00]} 7. e3 {[%emt 0:00:01]} Bd6 {[%emt 0:00:01]} 8. Be2 {[%emt 0:00:00]} Bxf4 {[%emt 0:00:01]} 9. exf4 {[%emt 0:00:00]} O-O {[%emt 0:00:01]} 10. Ne5 {[%emt 0:00:01]} Bxe2 {[%emt 0:00:01]} 11. Nxe2 {[%emt 0:00:00]} Re8 {[%emt 0:00:02]} 12. O-O {[%emt 0:00:01]} Ne4 {[%emt 0:00:01]} 13. Rc1 {[%emt 0:00:01]} Qd6 {[%emt 0:00:02]} 14. f3 {[%emt 0:00:03]} Nf6 {[%emt 0:00:05]} 15. Qd3 {[%emt 0:00:01]} Nd7 {[%emt 0:00:01]} 16. a3 {[%emt 0:00:01]} Ndxe5 {[%emt 0:00:02]} 17. fxe5 {[%emt 0:00:00]} Qg6 {[%emt 0:00:02]} 18. Qxg6 {[%emt 0:00:02]} hxg6 {[%emt 0:00:00]} 19. b4 {[%emt 0:00:01]} Rac8 {[%emt 0:00:02]} 20. Rc5 {[%emt 0:00:01]} f6 {[%emt 0:00:06]} 21. f4 {[%emt 0:00:02]} fxe5 {[%emt 0:00:01]} 22. fxe5 {[%emt 0:00:00]} Re6 {[%emt 0:00:02]} 23. Rxd5 {[%emt 0:00:01]} Rd8 {[%emt 0:00:01]} 24. Rxd8+ {[%emt 0:00:01]} Nxd8 {[%emt 0:00:00]} 25. Nf4 {[%emt 0:00:03]} Ra6 {[%emt 0:00:02]} 26. Rf3 {[%emt 0:00:02]} g5 {[%emt 0:00:01]} 27. Nd5 {[%emt 0:00:02]} Ne6 {[%emt 0:00:01]} 28. Ne7+ {[%emt 0:00:02]} Kh7 {[%emt 0:00:01]} 29. Rh3# {[%emt 0:00:01] (Lag: Av=0.45s, max=0.7s) (Lag: Av=0.45s, max=0.7s) (Lag: Av=0.45s, max=0.7s)} 1-0

[Event "415 Stay Safe Play From Home series"]
[Site "Emanuel Lasker Arena"]
[Date "2020.08.27"]
[Round "2"]
[White "Hickey"]
[Black "Klasman"]
[Result "1-0"]
[WhiteElo "2370"]
[BlackElo "1340"]
[PlyCount "45"]
[EventDate "2020.08.27"]
[EventType "swiss (blitz)"]

1. Nf3 {[%emt 0:00:02]} d5 {[%emt 0:00:02]} 2. b3 {[%emt 0:00:00]} c5 {[%emt 0:00:01]} 3. Bb2 {[%emt 0:00:00]} Nc6 {[%emt 0:00:01]} 4. e3 {[%emt 0:00:00]} f6 {[%emt 0:00:01]} 5. d4 {[%emt 0:00:02]} cxd4 {[%emt 0:00:02]} 6. exd4 {[%emt 0:00:00]} Bg4 {[%emt 0:00:02]} 7. Be2 {[%emt 0:00:01]} Bxf3 {[%emt 0:00:03]} 8. Bxf3 {[%emt 0:00:00]} e5 {[%emt 0:00:02]} 9. dxe5 {[%emt 0:00:03]} d4 {[%emt 0:00:11]} 10. Bxc6+ {[%emt 0:00:09]} bxc6 {[%emt 0:00:02]} 11. Qxd4 {[%emt 0:00:00]} fxe5 {[%emt 0:00:04]} 12. Qxe5+ {[%emt 0:00:02]} Ne7 {[%emt 0:00:01]} 13. O-O {[%emt 0:00:00]} Qb8 {[%emt 0:00:06]} 14. Re1 {[%emt 0:00:02]} Qxe5 {[%emt 0:00:02]} 15. Bxe5 {[%emt 0:00:00]} Kf7 {[%emt 0:00:03]} 16. Nd2 {[%emt 0:00:01]} Ng6 {[%emt 0:00:03]} 17. Nc4 {[%emt 0:00:00]} Bc5 {[%emt 0:00:07]} 18. Rad1 {[%emt 0:00:05]} Rhe8 {[%emt 0:00:01]} 19. Bg3 {[%emt 0:00:01]} Rxe1+ {[%emt 0:00:02]} 20. Rxe1 {[%emt 0:00:00]} Re8 {[%emt 0:00:01]} 21. Ne5+ {[%emt 0:00:02]} Nxe5 {[%emt 0:00:02]} 22. Rxe5 {[%emt 0:00:00]} Rxe5 {[%emt 0:00:02]} 23. Bxe5 {[%emt 0:00:00] Time Time Time (Lag: Av=0.65s, max=0.9s) (Lag: Av=0.65s, max=0.9s) (Lag: Av=0.65s, max=0.9s)} 1-0

[Event "415 Stay Safe Play From Home series"]
[Site "Emanuel Lasker Arena"]
[Date "2020.08.27"]
[Round "2"]
[White "Nguyen Hong Anh"]
[Black "TheCHESSHOUSE"]
[Result "1-0"]
[WhiteElo "2311"]
[BlackElo "2031"]
[PlyCount "93"]
[EventDate "2020.08.27"]
[EventType "swiss (blitz)"]

1. d4 {[%emt 0:00:04]} g6 {[%emt 0:00:01]} 2. c4 {[%emt 0:00:00]} Bg7 {[%emt 0:00:00]} 3. Nf3 {[%emt 0:00:00]} d6 {[%emt 0:00:00]} 4. g3 {[%emt 0:00:00]} Nf6 {[%emt 0:00:00]} 5. Bg2 {[%emt 0:00:00]} O-O {[%emt 0:00:01]} 6. O-O {[%emt 0:00:00]} Nc6 {[%emt 0:00:00]} 7. d5 {[%emt 0:00:01]} Na5 {[%emt 0:00:01]} 8. Nfd2 {[%emt 0:00:01]} c5 {[%emt 0:00:01]} 9. Nc3 {[%emt 0:00:00]} Bf5 {[%emt 0:00:02]} 10. e4 {[%emt 0:00:02]} Bd7 {[%emt 0:00:01]} 11. Qc2 {[%emt 0:00:01]} a6 {[%emt 0:00:01]} 12. b3 {[%emt 0:00:01]} b5 {[%emt 0:00:01]} 13. Bb2 {[%emt 0:00:01]} Rb8 {[%emt 0:00:01]} 14. Rad1 {[%emt 0:00:02]} Qb6 {[%emt 0:00:01]} 15. Ba1 {[%emt 0:00:02]} bxc4 {[%emt 0:00:03]} 16. bxc4 {[%emt 0:00:01]} Qb4 {[%emt 0:00:03]} 17. Rfe1 {[%emt 0:00:02]} Nxc4 {[%emt 0:00:04]} 18. Rb1 {[%emt 0:00:01]} Na3 {[%emt 0:00:02]} 19. Rxb4 {[%emt 0:00:01]} Nxc2 {[%emt 0:00:01]} 20. Rxb8 {[%emt 0:00:00]} Rxb8 {[%emt 0:00:00]} 21. Rc1 {[%emt 0:00:00]} Nxa1 {[%emt 0:00:01]} 22. Rxa1 {[%emt 0:00:00]} Nxd5 {[%emt 0:00:01]} 23. Nxd5 {[%emt 0:00:03]} Bxa1 {[%emt 0:00:01]} 24. Nxe7+ {[%emt 0:00:00]} Kg7 {[%emt 0:00:01]} 25. h3 {[%emt 0:00:00]} Rb2 {[%emt 0:00:04]} 26. Nc4 {[%emt 0:00:01]} Rb1+ {[%emt 0:00:01]} 27. Kh2 {[%emt 0:00:01]} Be5 {[%emt 0:00:01]} 28. f4 {[%emt 0:00:01]} Bd4 {[%emt 0:00:01]} 29. Bf3 {[%emt 0:00:01]} Be6 {[%emt 0:00:02]} 30. Nxd6 {[%emt 0:00:01]} Bxa2 {[%emt 0:00:01]} 31. e5 {[%emt 0:00:01]} Rb2+ {[%emt 0:00:01]} 32. Kh1 {[%emt 0:00:01]} Rb1+ {[%emt 0:00:00]} 33. Kg2 {[%emt 0:00:01]} Rb2+ {[%emt 0:00:01]} 34. Kh1 {[%emt 0:00:01]} Rb1+ {[%emt 0:00:01]} 35. Kg2 {[%emt 0:00:01]} Be6 {[%emt 0:00:00]} 36. g4 {[%emt 0:00:01]} Rb2+ {[%emt 0:00:01]} 37. Kg3 {[%emt 0:00:01]} Rf2 {[%emt 0:00:00]} 38. Ne4 {[%emt 0:00:03]} Bd5 {[%emt 0:00:01]} 39. Nxf2 {[%emt 0:00:01]} Bxf3 {[%emt 0:00:02]} 40. Kxf3 {[%emt 0:00:01]} a5 {[%emt 0:00:01]} 41. Nd3 {[%emt 0:00:03]} a4 {[%emt 0:00:01]} 42. Nc1 {[%emt 0:00:00]} a3 {[%emt 0:00:01]} 43. Na2 {[%emt 0:00:00]} c4 {[%emt 0:00:01]} 44. Nc6 {[%emt 0:00:01]} Bb2 {[%emt 0:00:01]} 45. Ncb4 {[%emt 0:00:01]} c3 {[%emt 0:00:01]} 46. Ke3 {[%emt 0:00:00]} Bc1+ {[%emt 0:00:01]} 47. Nxc1 {[%emt 0:00:02] TheCHESSHOUSE resigns TheCHESSHOUSE resigns TheCHESSHOUSE resigns (Lag: Av=1.26s, max=2.3s) (Lag: Av=1.26s, max=2.3s) (Lag: Av=1.26s, max=2.3s)} 1-0